00413 a2200121 450000100060000008200110000610000510001724501250006826000250019330000270021850000260024561000200027187923 aPR 254 aJawad Hassan Jaffri; Shakeel Safdar Supervisor aStudy/analyze and suggest possible solutions to the effects in the elevator trim system of super mushshak aircraftnG-66 aRisalpurbNUSTc2009 axviii, 140 p.ewith CD aBE project reports AE amushak aircraft